| 000 | 00365nam a2200145Ia 4500 | ||
|---|---|---|---|
| 008 | 240624s9999 xx 000 0 und d | ||
| 041 | _aeng | ||
| 082 | _a332.024 STA | ||
| 100 | _aSTAAL ROSIE | ||
| 245 | _aEARNING MONEY AFTER YOU VE RETIRED INSPI | ||
| 250 | _a11 | ||
| 260 |
_c2010 _aNew Delhi _bViva Books |
||
| 300 | _a177 : p. : cm. ; 22 | ||
| 365 |
_cRS _b33.5 |
||
| 999 |
_c17865 _d17865 |
||